Представление документа в формате MARC21

ПолеНазваниеЗначение
  Тип записи a
  Библиографический уровень m
001 Контрольный номер BIBLIOCLUB\0000573959
005 Дата корректировки 20260430154826.4
006 m o d
007 Элементы данных для физической характеристики c|||||||||||||
008 Кодируемые данные s2019 rus o rus d
020 Индекс ISBN __
a ISBN 978-5-7782-3940-1
041 Код языка издания 0_
a Код языка текста rus
084 Индекс другой классификации/Индекс ББК __
a Индекс другой классификации/Индекс ББК 22.192я73
b Номер единицы LBC/PL
2 Источник индекса rubbk
100 Автор 1_
a Автор Вагин Д. В.
245 Заглавие 10
a Заглавие Оценивание параметров в обратных задачах
b Продолж. заглавия учебное пособие
c Ответственность Д. В. Вагин
c Ответственность Новосибирский государственный технический университет
260 Выходные данные __
a Место издания Новосибирск
b Издательство Новосибирский государственный технический университет
c Дата издания 2019
300 Физическое описание __
a Объем 48 с.
b Иллюстрации/ тип воспроизводства табл., граф., ил.
504 Библиография __
a Библиография Библиогр. в кн
653 Ключевые слова 1_
a Ключевые слова Учебник для высшей школы
856 Электронный адрес документа 40
3 Область применения данных поля Университетская библиотека ONLINE
u URL https://biblioclub.ru/index.php?page=book&id=573959
900 Электронные ресурсы __
a Имя электронного ресурса https://img.biblioclub.ru/sm_cover/bced552001a0b162e61a8e39b66ebd1bb7oi8x4wjg/cover.jpg